000 00401nam a22001697a 4500
005 20180327152010.0
008 160618b xxu||||| |||| 00| 0 eng d
020 _a81-7660-069-5
041 _aeng
082 _b8123
_a338.0954
100 _aChopra, Dr. Bs. Ks.
_92773
245 _aBusiness Environment in India
260 _bHPH
_c2004
300 _a239
650 _aManagement
_9241
942 _cBK
999 _c3090
_d3089